000 00645nam a2200181 i 4500
001 185104
003 ES-MaACL
005 20250903084343.0
008 160322s1898 it |||| | ita d
110 2 _aSocietà Editrice Sonzogno.
_9159183
245 1 0 _aCatalogo generale illustrato della società editrice Sonzogno.
260 _aMilano :
_bSonzogno,
_c1898.
300 _a56 p. :
_bil. ;
_c26 cm.
650 7 _aCatálogos de editores-
_yS.XX
_2
_9169795
650 7 _aCatálogos de editores-
_yS.XIX
_2
_9169796
852 _aES-MaACL
_jT-970-F-6
_z.- Enc. en un vol. facticio conservando la cub. original
999 _c185104
_d185104